University Home | Library Home | Institutional Repository

Present knowledge in nutrition/ (Record no. 48292)

MARC details
000 -LEADER
fixed length control field 00615cam a2200193 4500
008 - FIXED-LENGTH DATA ELEMENTS--GENERAL INFORMATION
fixed length control field 100318n 000 0 eng u
020 ## - INTERNATIONAL STANDARD BOOK NUMBER
International Standard Book Number 9781578811984
035 ## - SYSTEM CONTROL NUMBER
System control number (Sirsi) a168640
040 ## - CATALOGING SOURCE
Original cataloging agency CIP
050 ## - LIBRARY OF CONGRESS CALL NUMBER
Classification number LINK QP 141 PRE 2006
245 ## - TITLE STATEMENT
Title Present knowledge in nutrition/
Statement of responsibility, etc. edited by Barbara A. Bowman and Robert M. Russell.
250 ## - EDITION STATEMENT
Edition statement 9th ed.
260 ## - PUBLICATION, DISTRIBUTION, ETC.
Place of publication, distribution, etc. Washington D.C:
Name of publisher, distributor, etc. International Life Science Institute,
Date of publication, distribution, etc. 2006
300 ## - PHYSICAL DESCRIPTION
Extent xvi, 526p. (Volume I)
504 ## - BIBLIOGRAPHY, ETC. NOTE
Bibliography, etc. note Includes bibliographical references.
650 ## - SUBJECT ADDED ENTRY--TOPICAL TERM
Topical term or geographic name entry element Nutrition
700 ## - ADDED ENTRY--PERSONAL NAME
Personal name Bowman, Barbara A.
700 ## - ADDED ENTRY--PERSONAL NAME
Personal name Russell, Robert M.

No items available.

© 2026 - The University of Zambia Library - Koha v25.11